Catálogo público

Desempeño productivo y rendimiento en canal de pollos criollos alimentados con diferentes niveles de energía metabolizable y proteína cruda / (Record no. 220032)

MARC details
000 -CABECERA
campo de control de longitud fija 03337nam a2200337 a 4500
003 - IDENTIFICADOR DEL NÚMERO DE CONTROL
campo de control OSt
005 - FECHA Y HORA DE LA ÚLTIMA TRANSACCIÓN
campo de control 20240813124044.0
007 - CAMPO FIJO DE DESCRIPCIÓN FÍSICA--INFORMACIÓN GENERAL
campo de control de longitud fija cr ||||||a|c|a
008 - DATOS DE LONGITUD FIJA--INFORMACIÓN GENERAL
campo de control de longitud fija 240729s2021 mx a|||fom||| 001 0 spa d
040 ## - FUENTE DE LA CATALOGACIÓN
Normas de descripción rda
100 1# - ENTRADA PRINCIPAL--NOMBRE DE PERSONA
Nombre de persona Hernández Blancas, Berenice
9 (RLIN) 189293
245 10 - MENCIÓN DE TÍTULO
Título Desempeño productivo y rendimiento en canal de pollos criollos alimentados con diferentes niveles de energía metabolizable y proteína cruda /
Mención de responsabilidad, etc. por Berenice Hernández Blancas; director de tesis Eliseo Sosa Montes; secretario Fernando González Cerón; vocal Arturo Pro Marínez; suplente Miguel Ángel Matus Aragón; suplente José Ayala Oseguera.
264 #1 - PRODUCCIÓN, PUBLICACIÓN, DISTRIBUCIÓN, FABRICACIÓN Y COPYRIGHT
Producción, publicación, distribución, fabricación y copyright Chapingo, México :
Nombre del de productor, editor, distribuidor, fabricante El autor,
Fecha de producción, publicación, distribución, fabricación o copyright 2021.
300 ## - DESCRIPCIÓN FÍSICA
Extensión 1 recurso en línea (44 páginas):
Otras características físicas cuadros, figuras.
336 ## - TIPO DE CONTENIDO
Fuente rdacontent
Término de tipo de contenido texto
Código de tipo de contenido txt
337 ## - TIPO DE MEDIO
Fuente rdamedia
Nombre/término del tipo de medio computadora
Código del tipo de medio c
338 ## - TIPO DE SOPORTE
Fuente rdacarrier
Nombre/término del tipo de soporte recurso en línea
Código del tipo de soporte cr
502 ## - NOTA DE TESIS
Tipo de título Ingeniero Agrónomo Especialista en Zootecnia
Nombre de la institución que otorga el título Departamento de Enseñanza, Investigación y Servicio en Zootecnia,
Año de obtención del título 2021.
Información miscelánea Licenciatura
504 ## - NOTA DE BIBLIOGRAFÍA, ETC.
Nota de bibliografía, etc. Incluye referencias bibliográficas: páginas 32-44.
520 ## - SUMARIO, ETC.
Sumario, etc. El objetivo del estudio fue evaluar el desempeño productivo y rendimiento en canal de pollos Criollos alimentados de 0 a 12 semanas de edad, con cuatro niveles de energía metabolizable (EM) y proteína cruda (PC), cuyas combinaciones correspondieron a cuatro tratamientos: 3000 kcal EM/ 20 % PC (3000/20); 2850 kcal EM/19 %PC (2850/19); 2700 kcal EM/ 18 %PC (2700/18) y 2550 kcal EM/ 17 %PC (2550/17). Ciento dos pollitos Criollos obtenidos en seis nacimientos, se distribuyeron aleatoriamente en los cuatro tratamientos. Los datos se analizaron como un diseño de bloques al azar con medidas repetidas y el peso inicial como covariable. No se detectaron diferencias (P>0.05) entre tratamientos en las variables de consumo de alimento (CA), ganancia de peso (GP) y rendimiento en canal. Por sexo, los machos mostraron valores mayores (P<0.05) en términos de CA, GP, CoA, peso vivo, peso de la canal, rendimiento de la canal respecto a las hembras. Por el contrario, la conversión alimenticia (CoA) fue mejor en los pollos alimentados con las dos dietas más altas en EM y PC (3000/20 y 2850/19). Se concluye que los niveles de EM y PC evaluados, no resultan en diferencias en la mayoría de las variables asociadas al desempeño productivo y rendimiento en canal de aves Criollas, excepto en la CoA, ya que se observó un uso más eficiente del alimento con las dietas con mayor contenido de EM y PC. Por lo anterior, es posible disminuir la EM (2550 kcal de EM/Kg) y PC (17%) en dietas de pollos Criollos de 0-12 semanas de edad sin afectar el CA y la GP. Finalmente, los machos mostraron superioridad en el desempeño productivo y rendimiento de la canal respecto a las hembras.
650 #4 - PUNTO DE ACCESO ADICIONAL DE MATERIA--TÉRMINO DE MATERIA
Término de materia o nombre geográfico como elemento de entrada Pollos de engorde
Subdivisión general Nutrición
-- Suplementos
9 (RLIN) 132048
650 #4 - PUNTO DE ACCESO ADICIONAL DE MATERIA--TÉRMINO DE MATERIA
Término de materia o nombre geográfico como elemento de entrada Pollos de engorde
Subdivisión general Energía metabólica
9 (RLIN) 131797
650 #4 - PUNTO DE ACCESO ADICIONAL DE MATERIA--TÉRMINO DE MATERIA
Término de materia o nombre geográfico como elemento de entrada Pollos
Subdivisión general Engorda
-- Rendimiento
9 (RLIN) 175577
700 1# - PUNTO DE ACCESO ADICIONAL--NOMBRE DE PERSONA
Nombre de persona Sosa Montes, Eliseo
Término indicativo de función/relación Director de tesis.
9 (RLIN) 108816
700 1# - PUNTO DE ACCESO ADICIONAL--NOMBRE DE PERSONA
Nombre de persona González Cerón, Fernando
9 (RLIN) 48783
Término indicativo de función/relación Secretario.
700 1# - PUNTO DE ACCESO ADICIONAL--NOMBRE DE PERSONA
Nombre de persona Pro Martínez, Arturo
9 (RLIN) 91680
Término indicativo de función/relación Vocal.
700 1# - PUNTO DE ACCESO ADICIONAL--NOMBRE DE PERSONA
Nombre de persona Matus Aragón, Miguel Ángel
9 (RLIN) 189294
Término indicativo de función/relación Suplente.
700 1# - PUNTO DE ACCESO ADICIONAL--NOMBRE DE PERSONA
Nombre de persona Ayala Oseguera, José
9 (RLIN) 8966
Término indicativo de función/relación Suplente.
856 ## - LOCALIZACIÓN Y ACCESO ELECTRÓNICOS
Identificador Uniforme del Recurso http://10.13.5.2/tesis/tl/2021_ZO_Hernandez_Blancas_Berenice.pdf
Nota pública DESCARGAR PDF
942 ## - ELEMENTOS DE PUNTO DE ACCESO ADICIONAL (KOHA)
Fuente del sistema de clasificación o colocación Clasificación Universidad Autónoma Chapingo
Tipo de ítem Koha Tesis digital
Holdings
Estado de retiro Estado de pérdida Fuente del sistema de clasificación o colocación Estado dañado Restricciones de uso No para préstamo Código de colección Localización permanente Ubicación/localización actual Ubicación en estantería Fecha de adquisición Total de préstamos Signatura topográfica completa Fecha visto por última vez Precio válido a partir de Tipo de ítem Koha
    Clasificación Universidad Autónoma de Chapingo   Préstamo interno   Tesis digitales de Licenciatura Biblioteca Digital Biblioteca Digital En línea 29/07/2024   Tesis digital 29/07/2024 29/07/2024 Tesis digital